02682cam a22003615a 4500001001000000003000400010005001700014008004100031010001700072015001900089016001800108020001500126020001800141040003700159042001100196082001900207245008900226260006400315300003300379500003400412500002400446504004100470505134200511520010401853650003401957651001001991653002502001700005002026700005202076942002302128999001702151952015202168016072674OSt20160802100519.0120312s2014 enka frb 001 0 eng d a2012010535  aGBB2402632bnb7 a0160726742Uk a1107416884 a9781107416888 aStDuBDSbengcStDuBDSdEG-ScBUE  aukblsr04222a340.2bPRA00aPractice and theory in comparative law /cedited by Maurice Adams and Jacco Bomhoff. aCambridge ;aNew York :bCambridge University Press,c2014. aix, 342 p. :bill. ;c24 cm. aOriginally published in 2012. aIndex : p. 327-342. aIncludes bibliographical references. aComparing law : practice and theory / Maurice Adams and Jacco Bomhoff -- Reflections on comparative law methodology : getting inside contract law / Catherine Valcke -- Reasoning with previous decisions / Jan Komárek -- Comparing legal argument / Jacco Bomhoff -- In search of system neutrality : methodological issues in the drafting of European contract law rules / Gerhard Dannemann -- Comparative law and global regulatory convergence : the example of competition law / David J. Gerber -- Reflections on comparative method in European constitutional law / Monica Claes and Maartje de Visser -- Rethinking methods in European private law / Jan M. Smits -- Transnational comparisons : theory and practice of comparative law as a critique of global governance / Peer Zumbansen -- Comparative constitutional compliance : notes towards a research agenda / Frederick Schauer -- Quantitative methods for comparative constitutional law / Anne Meuwese and Mila Versteeg -- Comparisons in private patrimonial law : towards a bottom-up approach using (cross-cultural) behavioural economics / Julie de Coninck -- Against "comparative method" : explaining similarities and differences / Maurice Adams and John Griffiths -- Comparative law as an act of modesty : a pragmatic and realistic approach to comparative legal scholarship / Koen Lemmens. aA collection of essays exploring the gap between theory and practice in comparative legal studies.  7aComparative law2BUEsh940384 2BUEsh bLLAAWWcAugust 2016 1 aAdams, Maurice,‏d1964-‏ eeditor.9406111 aBomhoff, J.‏ ‎eeditor.q(Jacco)‏ 940612 2ddce22k340.2 PRA c22096d22068 00102ddc40708BaccahaMAINbMAINc1STd2016-08-02ePurchaseg364.00h26080l1o340.2 PRAp000033051r2025-07-15 00:00:00s2016-08-02v455.00yBB